000 00867cam a22002775i 4500
001 19337006
003 OSt
005 20260218053934.0
008 161014s2016 nyu 000 0 eng
010 _a 2016956695
020 _a9783319428413
040 _aDLC
_beng
_cDLC
_erda
_dDLC
042 _apcc
082 _a158.7 BOL
100 1 _aBollen, Katalien
245 1 0 _aAdvancing workplace mediation through integration of theory and practice /
_cKatalien Bollen.
264 1 _aNew York :
_bSpringer,
_c2016.
300 _a263 p. ;
_c24 cm.
650 _aWorkplace conflict
650 _aWorkplace dispute resolution
650 _aWorkplace policy
856 4 1 _3Table of contents
_uhttps://www.loc.gov/catdir/enhancements/fy1701/2016956695-t.html
906 _a0
_bibc
_corignew
_d2
_eepcn
_f20
_gy-gencatlg
942 _2ddc
_cBK
999 _c112876
_d112876